[Event "St Louis Fall A 2022"]
[Site "Saint Louis USA"]
[Date "2022.11.02"]
[Round "1.1"]
[White "Nyzhnyk, Illya"]
[Black "Oparin, Grigoriy"]
[Result "1/2-1/2"]
[WhiteTitle "GM"]
[BlackTitle "GM"]
[WhiteElo "2687"]
[BlackElo "2683"]
[WhiteFideId "14118084"]
[BlackFideId "24125890"]
[EventDate "2022.11.02"]

1. c4 e5 2. Nc3 Bb4 3. Qc2 d6 4. Nf3 c5 5. a3 Ba5 6. g3 Nc6 7. Bg2 Nge7 8. O-O
Bf5 9. d3 Qd7 10. Bd2 O-O 11. Nd5 Bxd2 12. Nxe7+ Qxe7 13. Qxd2 a5 14. Rab1 Rab8
15. Ng5 Qd7 16. f4 h6 17. Ne4 Bxe4 18. Bxe4 f5 19. Bxc6 bxc6 20. Qxa5 Qe6 21.
Qd2 Rb3 22. a4 Rfb8 23. a5 exf4 24. Rxf4 Qe5 25. d4 cxd4 26. Rxd4 Rxg3+ 27. hxg3
Qxg3+ 28. Kh1 Qh3+ 29. Kg1 Qg3+ 30. Kh1 Qh3+ 31. Kg1 Qg3+ 1/2-1/2

[Event "St Louis Fall A 2022"]
[Site "Saint Louis USA"]
[Date "2022.11.02"]
[Round "1.2"]
[White "Ganguly, Surya Shekhar"]
[Black "Vidit, Santosh Gujrathi"]
[Result "0-1"]
[WhiteTitle "GM"]
[BlackTitle "GM"]
[WhiteElo "2589"]
[BlackElo "2724"]
[WhiteFideId "5002150"]
[BlackFideId "5029465"]
[EventDate "2022.11.02"]

1. e4 e5 2. Nf3 Nc6 3. d4 exd4 4. Nxd4 Nf6 5. Nc3 Bb4 6. Nxc6 bxc6 7. Bd3 O-O 8.
O-O d5 9. exd5 cxd5 10. h3 c6 11. Qf3 h6 12. Bf4 Re8 13. Rfe1 Rxe1+ 14. Rxe1 Be6
15. Rd1 Bd6 16. Ne2 Rb8 17. Nd4 Rxb2 18. Bxh6 gxh6 19. Nxc6 Qf8 20. Qxf6 Rb6 21.
Ne5 Qg7 22. Nd7 Qxf6 23. Nxf6+ Kf8 24. Bf1 Rb2 25. c4 d4 26. Ne4 Ba3 27. Rd2
Rxd2 28. Nxd2 Bf5 29. g4 Bc2 30. Bg2 d3 31. Be4 a5 32. Kf1 Bb4 33. Nf3 Bd1 34.
a3 Be2+ 35. Kg2 d2 0-1

[Event "St Louis Fall A 2022"]
[Site "Saint Louis USA"]
[Date "2022.11.02"]
[Round "1.3"]
[White "Theodorou, Nikolas"]
[Black "Niemann, Hans Moke"]
[Result "1/2-1/2"]
[WhiteTitle "GM"]
[BlackTitle "GM"]
[WhiteElo "2598"]
[BlackElo "2699"]
[WhiteFideId "4262875"]
[BlackFideId "2093596"]
[EventDate "2022.11.02"]

1. d4 Nf6 2. c4 e6 3. Nf3 d5 4. g3 Bb4+ 5. Bd2 Be7 6. Bg2 O-O 7. O-O Nbd7 8. Qc2
c6 9. Bf4 b6 10. cxd5 cxd5 11. Rc1 Bb7 12. Qb3 Rc8 13. Rxc8 Qxc8 14. Nc3 a6 15.
Rc1 Qa8 16. Na4 b5 17. Nc5 Rc8 18. Nxd7 Rxc1+ 19. Bxc1 Nxd7 20. Qc2 Qc8 21.
Qxc8+ Bxc8 22. Bf4 f6 23. Bc7 Kf7 24. Bh3 Nf8 25. Ne1 Ke8 26. Nd3 Kd7 27. Ba5
Bd6 28. f4 Ke7 29. Kf2 Nd7 30. e3 Nb8 31. Bf1 Nc6 32. Bb6 Nb4 33. Nxb4 Bxb4 34.
Bd3 h6 35. a3 Bd6 36. Bc5 Bd7 37. Ke1 a5 38. Bxd6+ Kxd6 39. b4 axb4 40. axb4 f5 1/2-1/2

[Event "St Louis Fall A 2022"]
[Site "Saint Louis USA"]
[Date "2022.11.02"]
[Round "1.4"]
[White "Hakobyan, Aram"]
[Black "Abasov, Nijat"]
[Result "0-1"]
[WhiteTitle "GM"]
[BlackTitle "GM"]
[WhiteElo "2613"]
[BlackElo "2646"]
[WhiteFideId "13306677"]
[BlackFideId "13402960"]
[EventDate "2022.11.02"]

1. d4 d5 2. c4 e6 3. Nf3 Nf6 4. Nc3 c5 5. cxd5 cxd4 6. Nxd4 Nxd5 7. Bd2 Be7 8.
e3 O-O 9. Be2 e5 10. Nxd5 Qxd5 11. Nb5 Qxg2 12. Bf3 Qg6 13. Nc7 Na6 14. Nxa8 Nb4
15. Qa4 Nc2+ 16. Ke2 Rd8 17. Qc4 Be6 18. Qe4 Bf5 19. Qxb7 Bd3+ 20. Kd1 Nxa1 21.
Kc1 Bb1 22. e4 Bxa2 23. Bd1 Bg5 24. f4 Qd6 0-1

[Event "St Louis Fall A 2022"]
[Site "Saint Louis USA"]
[Date "2022.11.02"]
[Round "1.5"]
[White "Yu, Yangyi"]
[Black "Nguyen, Thai Dai Van"]
[Result "1/2-1/2"]
[WhiteTitle "GM"]
[BlackTitle "GM"]
[WhiteElo "2716"]
[BlackElo "2645"]
[WhiteFideId "8603820"]
[BlackFideId "358878"]
[EventDate "2022.11.02"]

1. c4 e5 2. g3 Nf6 3. Bg2 Bc5 4. d3 O-O 5. Nc3 c6 6. Nf3 d6 7. O-O a5 8. h3 Re8
9. a3 h6 10. e4 Be6 11. b3 d5 12. exd5 cxd5 13. cxd5 Bxd5 14. Nxd5 Nxd5 15. Bb2
Nc6 16. d4 exd4 17. Nxd4 Nc3 18. Bxc3 Nxd4 19. Kh2 Nb5 20. Qxd8 Rexd8 21. Bxa5
Rxa5 22. b4 Bxb4 23. axb4 Rxa1 24. Rxa1 Rd4 25. Bxb7 Rxb4 26. Bc6 Nd4 27. Ra8+
Kh7 28. Bd5 Ne6 29. Ra7 Kg6 30. Kg2 Kf6 31. h4 h5 32. Ra6 Rd4 33. Bxe6 fxe6 34.
Ra5 g6 35. Ra8 Rd5 36. Kf3 Rf5+ 37. Ke3 Re5+ 38. Kf3 Rf5+ 39. Ke3 Re5+ 40. Kf3
Rf5+ 41. Ke4 1/2-1/2

[Event "St Louis Fall A 2022"]
[Site "Saint Louis USA"]
[Date "2022.11.03"]
[Round "2.1"]
[White "Oparin, Grigoriy"]
[Black "Nguyen, Thai Dai Van"]
[Result "1/2-1/2"]
[WhiteTitle "GM"]
[BlackTitle "GM"]
[WhiteElo "2683"]
[BlackElo "2645"]
[WhiteFideId "24125890"]
[BlackFideId "358878"]
[EventDate "2022.11.02"]

1. d4 Nf6 2. c4 e6 3. Nc3 Bb4 4. Qc2 O-O 5. a3 Bxc3+ 6. Qxc3 b6 7. Bg5 Bb7 8. f3
h6 9. Bh4 d5 10. cxd5 c5 11. d6 Qxd6 12. dxc5 Qxc5 13. Bxf6 gxf6 14. Qxc5 bxc5
15. e3 Rd8 16. Ne2 Rd3 17. Nc3 Rxe3+ 18. Kf2 Re5 19. Bd3 Nd7 20. Rad1 Nb6 21. f4
Rh5 22. Ne4 Bxe4 23. Bxe4 Rb8 24. h4 Nd5 25. g4 Rxb2+ 26. Kf3 f5 27. Bxf5 Rxf5
28. gxf5 Rb3+ 29. Kf2 Rb2+ 30. Kf3 Rb3+ 31. Kf2 Rb2+ 32. Kf3 Rb3+ 33. Kf2 Rb2+
34. Kf3 1/2-1/2

[Event "St Louis Fall A 2022"]
[Site "Saint Louis USA"]
[Date "2022.11.03"]
[Round "2.2"]
[White "Abasov, Nijat"]
[Black "Yu, Yangyi"]
[Result "1/2-1/2"]
[WhiteTitle "GM"]
[BlackTitle "GM"]
[WhiteElo "2646"]
[BlackElo "2716"]
[WhiteFideId "13402960"]
[BlackFideId "8603820"]
[EventDate "2022.11.02"]

1. e4 c5 2. Nf3 d6 3. Nc3 Nf6 4. d4 cxd4 5. Nxd4 a6 6. Be2 e6 7. f4 Be7 8. Be3
O-O 9. g4 Qa5 10. Bd3 Nc6 11. Nb3 Qc7 12. g5 Nd7 13. Rg1 b5 14. Rg3 Re8 15. Qh5
Nb4 16. O-O-O Nxd3+ 17. Rxd3 b4 18. Nd1 Bb7 19. Nf2 Rac8 20. Rd2 Qc4 21. Qe2
Qxe2 22. Rxe2 Bd8 23. Rd2 Nc5 24. Nxc5 dxc5 25. Rg1 c4 26. Rd7 Bc7 27. Re1 Bc6
28. Rd4 b3 29. axb3 cxb3 30. e5 bxc2 31. Ne4 Red8 32. Nd6 Bxd6 33. Rxd6 Rxd6 34.
exd6 Bd7 35. Re2 Rc6 36. Rxc2 Rxd6 37. Rd2 Rxd2 38. Kxd2 h6 39. gxh6 gxh6 40.
Bb6 Kg7 41. Ke3 Kf6 42. Bd8+ Kf5 43. b4 Kg4 44. h4 f5 45. Bf6 Kg3 46. Bg7 h5 47.
Bf6 e5 48. Bg5 exf4+ 49. Bxf4+ Kxh4 50. Kf3 Bc6+ 51. Kf2 Kg4 52. Ke3 h4 53. Bc7
Kg5 54. Bd8+ Kh5 55. Bc7 Kg6 56. Bd8 h3 57. Bc7 Kf6 58. Bf4 Be4 59. Kd4 Ke6 1/2-1/2

[Event "St Louis Fall A 2022"]
[Site "Saint Louis USA"]
[Date "2022.11.03"]
[Round "2.3"]
[White "Vidit, Santosh Gujrathi"]
[Black "Theodorou, Nikolas"]
[Result "1-0"]
[WhiteTitle "GM"]
[BlackTitle "GM"]
[WhiteElo "2724"]
[BlackElo "2598"]
[WhiteFideId "5029465"]
[BlackFideId "4262875"]
[EventDate "2022.11.02"]

1. d4 d5 2. c4 e6 3. Nc3 c5 4. e3 Nf6 5. Nf3 a6 6. cxd5 exd5 7. g3 c4 8. Bg2 Bb4
9. O-O O-O 10. Ne5 Nc6 11. Bd2 Re8 12. Nxc6 bxc6 13. b3 a5 14. bxc4 Bxc3 15.
Bxc3 Ba6 16. Re1 Bxc4 17. f3 Ra7 18. e4 dxe4 19. fxe4 Rae7 20. Qa4 Bd3 21. e5
Nd5 22. Qxa5 Qxa5 23. Bxa5 Ra7 24. Bxd5 cxd5 25. Bb4 Rb7 26. a3 h5 27. Re3 Bc4
28. Rf3 Kh7 29. Kf2 Re6 30. Re1 Rc6 31. Rc1 Re6 32. Rg1 f6 33. Re1 Rbb6 34. Ree3
Kg6 35. Rf4 Rb7 36. g4 hxg4 37. Rxg4+ Kh7 38. Rf4 Rbb6 39. Rh3+ Kg8 40. Ke3 Rb8
41. Rfh4 Rbe8 42. Bd6 Kf7 43. Kd2 fxe5 44. dxe5 Rg6 45. Kc3 Rg1 46. Rg3 Rc1+ 47.
Kd2 Rh1 48. Rf4+ Kg8 49. Rg2 Rb1 50. Kc2 Rb7 51. Rgf2 Kh7 52. Rh4+ Kg8 53. e6 d4
54. e7 Bf7 55. Bb4 Rd7 56. Rhf4 Bg6+ 57. Kd2 Rc7 58. Rxd4 Bf7 59. Rd8 Rc8 60.
Rxe8+ 1-0

[Event "St Louis Fall A 2022"]
[Site "Saint Louis USA"]
[Date "2022.11.03"]
[Round "2.4"]
[White "Niemann, Hans Moke"]
[Black "Hakobyan, Aram"]
[Result "1/2-1/2"]
[WhiteTitle "GM"]
[BlackTitle "GM"]
[WhiteElo "2699"]
[BlackElo "2613"]
[WhiteFideId "2093596"]
[BlackFideId "13306677"]
[EventDate "2022.11.02"]

1. e4 e5 2. Nf3 Nc6 3. Bc4 Bc5 4. d3 Nf6 5. O-O d6 6. c3 a6 7. a4 Ba7 8. Re1 O-O
9. h3 Re8 10. b4 Be6 11. Bxe6 Rxe6 12. Bg5 h6 13. Bxf6 Qxf6 14. Nbd2 Ne7 15. Nf1
d5 16. Ne3 Bxe3 17. Rxe3 dxe4 18. dxe4 Rd6 19. Qe2 Ng6 20. g3 Rad8 21. c4 R6d7
22. c5 c6 23. Raa3 Nf8 24. Qb2 Qe6 25. Kg2 f6 26. Nh4 Rd2 27. Qc3 Nh7 28. Nf3
R2d7 29. h4 Nf8 30. Re2 Qg4 31. Qc4+ Kh7 32. Nh2 Qh5 33. Ree3 Rd1 34. Nf3 Ng6
35. Qe2 Nf4+ 36. gxf4 Qg4+ 37. Kh2 Qxf4+ 38. Kg2 Qg4+ 39. Kh2 Qf4+ 40. Kg2 Qg4+
41. Kh2 Qf4+ 1/2-1/2

[Event "St Louis Fall A 2022"]
[Site "Saint Louis USA"]
[Date "2022.11.03"]
[Round "2.5"]
[White "Nyzhnyk, Illya"]
[Black "Ganguly, Surya Shekhar"]
[Result "1-0"]
[WhiteTitle "GM"]
[BlackTitle "GM"]
[WhiteElo "2687"]
[BlackElo "2589"]
[WhiteFideId "14118084"]
[BlackFideId "5002150"]
[EventDate "2022.11.02"]

1. e4 e5 2. Nf3 Nc6 3. Bc4 Bc5 4. c3 Nf6 5. d3 d6 6. Nbd2 O-O 7. h3 a6 8. a4 Ba7
9. O-O Ne7 10. Re1 Ng6 11. Nf1 Be6 12. Bxe6 fxe6 13. Ng3 Qd7 14. a5 Kh8 15. d4
exd4 16. cxd4 h6 17. Qb3 c6 18. Qc2 e5 19. Be3 Nh7 20. Nf5 exd4 21. Bxd4 Bxd4
22. N3xd4 Rae8 23. Ra3 Ng5 24. h4 Ne6 25. Rd1 Ngf4 26. Nf3 d5 27. g3 g6 28. Nxh6
Qg7 29. exd5 Ne2+ 30. Qxe2 Nd4 31. Qxe8 Rxe8 32. Rxd4 Rf8 33. Rd1 Qxb2 34. Rad3
Qe2 35. d6 Rxf3 36. R3d2 Qe5 37. d7 Rxg3+ 38. fxg3 Qxg3+ 39. Rg2 Qe3+ 40. Kh2
Qf4+ 41. Rg3 1-0

[Event "St Louis Fall A 2022"]
[Site "Saint Louis USA"]
[Date "2022.11.04"]
[Round "3.1"]
[White "Hakobyan, Aram"]
[Black "Vidit, Santosh Gujrathi"]
[Result "1/2-1/2"]
[WhiteTitle "GM"]
[BlackTitle "GM"]
[WhiteElo "2613"]
[BlackElo "2724"]
[WhiteFideId "13306677"]
[BlackFideId "5029465"]
[EventDate "2022.11.02"]

1. d4 Nf6 2. c4 e6 3. Nc3 Bb4 4. e3 O-O 5. Bd3 d5 6. cxd5 exd5 7. Ne2 Re8 8. O-O
b6 9. Bd2 Bd6 10. Nf4 Bxf4 11. exf4 c5 12. dxc5 bxc5 13. Re1 Ba6 14. Rxe8+ Qxe8
15. Qf3 Qd7 16. Re1 Bxd3 17. Nxd5 Nc6 18. Ne7+ Nxe7 19. Qxa8+ Nc8 20. Bc3 Bb5
21. Bxf6 Bc6 22. Qb8 gxf6 23. f5 Kg7 24. Qg3+ Kf8 25. Qf4 Qd5 26. f3 Kg7 27.
Qg3+ Kf8 28. Qf4 Kg7 29. Qg3+ Kf8 30. Qf4 Kg7 1/2-1/2

[Event "St Louis Fall A 2022"]
[Site "Saint Louis USA"]
[Date "2022.11.04"]
[Round "3.2"]
[White "Theodorou, Nikolas"]
[Black "Nyzhnyk, Illya"]
[Result "1/2-1/2"]
[WhiteTitle "GM"]
[BlackTitle "GM"]
[WhiteElo "2598"]
[BlackElo "2687"]
[WhiteFideId "4262875"]
[BlackFideId "14118084"]
[EventDate "2022.11.02"]

1. d4 d5 2. c4 c6 3. Nf3 Nf6 4. e3 Bf5 5. Nc3 e6 6. Nh4 Be4 7. f3 Bg6 8. Bd2 Be7
9. Nxg6 hxg6 10. Qc2 Nbd7 11. O-O-O a6 12. c5 b6 13. cxb6 Qxb6 14. Na4 Qb7 15.
Kb1 O-O 16. g4 Rfc8 17. g5 Ne8 18. e4 c5 19. exd5 cxd4 20. Qb3 Qxb3 21. axb3 Nc7
22. dxe6 Nxe6 23. f4 Nec5 24. Nxc5 Nxc5 25. Bc4 Rab8 26. Rhe1 Bd6 27. b4 Na4 28.
Bb3 Nb6 29. f5 Nc4 30. fxg6 Nxd2+ 31. Rxd2 Bxb4 32. gxf7+ Kf8 33. Re8+ Rxe8 34.
fxe8=R+ Kxe8 35. Rxd4 Be7 36. Ba4+ Kf7 37. Rf4+ Ke6 38. Re4+ Kf7 39. g6+ Kf6 40.
Bc2 Bd6 41. Ra4 Rb6 42. Rh4 Rb4 43. Rh8 a5 44. Ra8 Be5 45. Ra6+ Ke7 46. b3 a4
47. Rxa4 Rxa4 48. bxa4 Bxh2 49. a5 Bg1 50. Kb2 Kf8 51. Kb3 Kg8 52. Be4 Kh8 53.
Bd5 Bb6 54. axb6 1/2-1/2

[Event "St Louis Fall A 2022"]
[Site "Saint Louis USA"]
[Date "2022.11.04"]
[Round "3.3"]
[White "Ganguly, Surya Shekhar"]
[Black "Oparin, Grigoriy"]
[Result "1/2-1/2"]
[WhiteTitle "GM"]
[BlackTitle "GM"]
[WhiteElo "2589"]
[BlackElo "2683"]
[WhiteFideId "5002150"]
[BlackFideId "24125890"]
[EventDate "2022.11.02"]

1. Nf3 d5 2. d4 Nf6 3. c4 e6 4. Nc3 c5 5. e3 Nc6 6. a3 dxc4 7. Bxc4 a6 8. O-O b5
9. Ba2 Bb7 10. Qe2 cxd4 11. Rd1 b4 12. exd4 bxc3 13. d5 Nxd5 14. Rxd5 Qc7 15.
Rd3 Be7 16. Rxc3 O-O 17. Be3 Rac8 18. Rac1 Bf6 19. Rc5 Qb8 20. Bb1 Ne7 21. Ng5
Nf5 22. b4 h6 23. Ne4 Bxe4 24. Bxe4 Nxe3 25. Qxe3 Bg5 26. Rxc8 Rxc8 27. Rxc8+
Qxc8 28. Qc5 Qxc5 29. bxc5 Kf8 30. a4 Ke7 31. Kf1 Bf6 32. g4 Bd4 33. c6 Kd6 34.
Ke2 f5 35. gxf5 exf5 36. Bxf5 Kxc6 37. Bd3 a5 38. h3 Kd6 39. Kf3 Ke5 40. Bb5 Bb6 1/2-1/2

[Event "St Louis Fall A 2022"]
[Site "Saint Louis USA"]
[Date "2022.11.04"]
[Round "3.4"]
[White "Yu, Yangyi"]
[Black "Niemann, Hans Moke"]
[Result "1/2-1/2"]
[WhiteTitle "GM"]
[BlackTitle "GM"]
[WhiteElo "2716"]
[BlackElo "2699"]
[WhiteFideId "8603820"]
[BlackFideId "2093596"]
[EventDate "2022.11.02"]

1. d4 Nf6 2. c4 e6 3. Nc3 Bb4 4. Nf3 O-O 5. Bg5 c5 6. d5 h6 7. Bh4 d6 8. e3 exd5
9. cxd5 Nbd7 10. Bd3 Qa5 11. O-O Bxc3 12. bxc3 Nxd5 13. c4 N5f6 14. Nd2 Re8 15.
Qc2 Qc7 16. Rae1 b6 17. e4 Bb7 18. Nb1 a6 19. a4 b5 20. axb5 axb5 21. cxb5 c4
22. Qxc4 Qxc4 23. Bxc4 g5 24. Bg3 Nxe4 25. f3 Nxg3 26. Rxe8+ Rxe8 27. hxg3 d5
28. Rd1 dxc4 29. Rxd7 Bxf3 30. gxf3 Re1+ 31. Kf2 Rxb1 32. Rc7 Rxb5 33. Rxc4 h5
34. Rc6 Rb2+ 35. Kg1 Kg7 36. Rc4 Kg6 37. Ra4 f6 38. Rc4 Rd2 39. Ra4 Kf5 40. Rb4
Ra2 41. Rb5+ Kg6 42. Rb4 Ra6 43. Kg2 Ra7 44. Kf2 Rh7 45. Kg2 h4 46. Kh3 hxg3+
47. Kxg3 Ra7 48. Rb6 Kg7 49. Rb5 Ra6 50. Rb7+ Kg6 51. Rb8 f5 52. Rg8+ Kh6 53.
Rf8 Ra5 54. Rf6+ Kh5 55. Kh3 f4 56. Rf8 Ra1 57. Rh8+ Kg6 58. Rg8+ Kf6 59. Kg2
Ra2+ 60. Kf1 Kf5 61. Kg1 Rd2 62. Kf1 Rb2 63. Kg1 Ra2 64. Kf1 Rd2 65. Ke1 Rd6 66.
Kf2 Rg6 67. Rf8+ Rf6 68. Rg8 Rf7 69. Kf1 Kf6 70. Kg2 Rg7 71. Rf8+ Kg6 72. Ra8
Rh7 73. Ra6+ Kh5 74. Ra8 Rb7 75. Rh8+ Kg6 76. Rg8+ Kf6 77. Kf2 Rb2+ 78. Kf1 Rd2
79. Ke1 1/2-1/2

[Event "St Louis Fall A 2022"]
[Site "Saint Louis USA"]
[Date "2022.11.04"]
[Round "3.5"]
[White "Nguyen, Thai Dai Van"]
[Black "Abasov, Nijat"]
[Result "1-0"]
[WhiteTitle "GM"]
[BlackTitle "GM"]
[WhiteElo "2645"]
[BlackElo "2646"]
[WhiteFideId "358878"]
[BlackFideId "13402960"]
[EventDate "2022.11.02"]

1. e4 e5 2. Nf3 Nc6 3. Bb5 Nf6 4. d3 Bc5 5. Nbd2 Nd4 6. Ba4 b5 7. Bb3 d5 8. Nxd4
Bxd4 9. c3 Bb6 10. exd5 Bg4 11. Nf3 O-O 12. h3 Bh5 13. g4 Bg6 14. Nxe5 Re8 15.
d4 Nd7 16. O-O Nxe5 17. dxe5 Rxe5 18. Bf4 Re4 19. Bg3 Qf6 20. d6 Rd8 21. Bd5
Rxd6 22. Bxd6 cxd6 23. Bxe4 Bxe4 24. g5 Qe5 25. Qg4 g6 26. Rfe1 d5 27. Rad1 h5
28. gxh6 Qf6 29. Re3 Kh7 30. h4 b4 31. Rf1 bxc3 32. bxc3 Kxh6 33. c4 Qe5 34.
Ree1 Bc7 35. Qg5+ Qxg5+ 36. hxg5+ Kxg5 37. f3 Bd3 38. cxd5 Bxf1 39. Kxf1 Bd6 40.
Re4 Kf5 41. Ke2 g5 42. Kd3 a6 43. Kd4 1-0

[Event "St Louis Fall A 2022"]
[Site "Saint Louis USA"]
[Date "2022.11.05"]
[Round "4.1"]
[White "Ganguly, Surya Shekhar"]
[Black "Theodorou, Nikolas"]
[Result "1-0"]
[WhiteTitle "GM"]
[BlackTitle "GM"]
[WhiteElo "2589"]
[BlackElo "2598"]
[WhiteFideId "5002150"]
[BlackFideId "4262875"]
[EventDate "2022.11.02"]

1. e4 c5 2. c3 Nf6 3. e5 Nd5 4. Nf3 Nc6 5. Bc4 Nb6 6. Bb3 c4 7. Bc2 d6 8. exd6
Qxd6 9. O-O Bg4 10. Re1 O-O-O 11. Qe2 e5 12. Na3 g6 13. Nxc4 Nxc4 14. Qxc4 Bxf3
15. gxf3 f5 16. Ba4 Qd5 17. Qxd5 Rxd5 18. Bb3 Rd3 19. Bc4 Rd6 20. d4 Bg7 21. Kg2
h6 22. Bb5 exd4 23. Bf4 Rf6 24. cxd4 g5 25. Be5 Nxe5 26. dxe5 Re6 27. Rac1+ Kb8
28. Rc5 Rc8 29. Rd5 Rc2 30. Ba4 Rc7 31. f4 gxf4 32. Kf3 Rc4 33. b3 Rc2 34. Rd8+
Rc8 35. Rxc8+ Kxc8 36. Kxf4 a6 37. Kxf5 Re7 38. b4 Bxe5 39. Rxe5 Rf7+ 1-0

[Event "St Louis Fall A 2022"]
[Site "Saint Louis USA"]
[Date "2022.11.05"]
[Round "4.2"]
[White "Oparin, Grigoriy"]
[Black "Abasov, Nijat"]
[Result "1-0"]
[WhiteTitle "GM"]
[BlackTitle "GM"]
[WhiteElo "2683"]
[BlackElo "2646"]
[WhiteFideId "24125890"]
[BlackFideId "13402960"]
[EventDate "2022.11.02"]

1. d4 Nf6 2. c4 e6 3. Nf3 d5 4. Nc3 c6 5. e3 Nbd7 6. Bd3 dxc4 7. Bxc4 b5 8. Bd3
b4 9. Ne4 Bb7 10. Nxf6+ Nxf6 11. O-O Be7 12. a3 a5 13. e4 O-O 14. Qe2 c5 15. Rd1
c4 16. Bb1 Rc8 17. axb4 axb4 18. Bg5 Nd7 19. Ra7 Bxg5 20. Rxb7 Be7 21. d5 exd5
22. exd5 Bd6 23. Bf5 Rc7 24. Rxc7 Qxc7 25. Bxd7 Qxd7 26. Qxc4 Rc8 27. Qd3 h6 28.
g3 Rc5 29. Nd2 Rc8 30. Nc4 Bc5 31. Kg2 Re8 32. b3 Qa7 33. d6 Bxf2 34. d7 Rd8 35.
Ne5 Bb6 36. Nc6 Qa8 37. Qd5 Rf8 38. Ne7+ Kh7 39. Qxa8 Rxa8 40. Nd5 Bc5 41. Nxb4 1-0

[Event "St Louis Fall A 2022"]
[Site "Saint Louis USA"]
[Date "2022.11.05"]
[Round "4.3"]
[White "Niemann, Hans Moke"]
[Black "Nguyen, Thai Dai Van"]
[Result "1/2-1/2"]
[WhiteTitle "GM"]
[BlackTitle "GM"]
[WhiteElo "2699"]
[BlackElo "2645"]
[WhiteFideId "2093596"]
[BlackFideId "358878"]
[EventDate "2022.11.02"]

1. e4 e5 2. Nf3 Nc6 3. Bc4 Bc5 4. O-O Nf6 5. d3 d6 6. c3 h6 7. Re1 a5 8. Nbd2
O-O 9. Nf1 a4 10. Rb1 Be6 11. b4 axb3 12. axb3 Bb6 13. Ne3 Qd7 14. Bxe6 fxe6 15.
b4 Bxe3 16. Bxe3 b5 17. h3 Ra3 18. Qc2 Rfa8 19. c4 Ra2 20. Qc3 R2a3 21. Qc1 R3a4
22. Bd2 bxc4 23. Qxc4 Na7 24. Ra1 Nb5 25. Rxa4 Rxa4 26. Qc2 Ra3 27. Qc4 Ra4 28.
Rc1 Ra3 29. Be3 Kh7 30. Kh2 Kg8 31. d4 Nxe4 32. d5 Nf6 33. dxe6 Qe8 34. e7+ Kh7
35. Nh4 Ra8 36. Nf5 Rb8 37. f4 e4 38. g4 Qg8 39. e8=Q Qxe8 40. Rg1 d5 41. Qc5
Qe6 42. Rg2 Nd7 43. Qc2 Ra8 44. Qb2 Qf6 45. Qxf6 gxf6 1/2-1/2

[Event "St Louis Fall A 2022"]
[Site "Saint Louis USA"]
[Date "2022.11.05"]
[Round "4.4"]
[White "Vidit, Santosh Gujrathi"]
[Black "Yu, Yangyi"]
[Result "1/2-1/2"]
[WhiteTitle "GM"]
[BlackTitle "GM"]
[WhiteElo "2724"]
[BlackElo "2716"]
[WhiteFideId "5029465"]
[BlackFideId "8603820"]
[EventDate "2022.11.02"]

1. e4 e5 2. Nf3 Nf6 3. d4 Nxe4 4. Bd3 d5 5. Nxe5 Nd7 6. O-O Nxe5 7. dxe5 Nc5 8.
Be2 c6 9. c3 Bf5 10. Be3 Ne6 11. Bg4 Bxg4 12. Qxg4 h5 13. Qe2 Bc5 14. Bxc5 Nxc5
15. Nd2 Qb6 16. b4 Ne6 17. Nb3 g6 18. Rad1 O-O-O 19. a4 Kb8 20. a5 Qc7 21. Qe3
g5 22. Nd4 Rhe8 23. Rde1 Rg8 24. Qh3 Nf4 25. Qf5 Qd7 26. Re3 Qxf5 27. Nxf5 a6
28. Nd4 g4 29. Kh1 Rde8 30. g3 Ne6 31. f4 gxf3 32. Rfxf3 Rg4 33. Nf5 d4 34. cxd4
Nxd4 35. Nxd4 Rxd4 36. Rf4 Rd5 37. Rxf7 Rexe5 38. Rxe5 Rxe5 39. Rf4 c5 40. bxc5
Rxc5 41. Ra4 b6 42. axb6 Kb7 43. g4 Kxb6 44. gxh5 Rxh5 45. Kg2 Kb5 46. Ra1 a5
47. Kg3 a4 48. h4 Kb4 49. Kg4 Rh8 50. h5 a3 51. Kg5 Kb3 52. h6 a2 53. Kg6 Kb2
54. Rxa2+ Kxa2 55. Kg7 Rxh6 56. Kxh6 1/2-1/2

[Event "St Louis Fall A 2022"]
[Site "Saint Louis USA"]
[Date "2022.11.05"]
[Round "4.5"]
[White "Nyzhnyk, Illya"]
[Black "Hakobyan, Aram"]
[Result "1/2-1/2"]
[WhiteTitle "GM"]
[BlackTitle "GM"]
[WhiteElo "2687"]
[BlackElo "2613"]
[WhiteFideId "14118084"]
[BlackFideId "13306677"]
[EventDate "2022.11.02"]

1. Nf3 d5 2. g3 g6 3. Bg2 Bg7 4. O-O e5 5. d3 Ne7 6. e4 O-O 7. exd5 Nxd5 8. Re1
Nc6 9. Nc3 Nde7 10. Bg5 h6 11. Be3 Be6 12. Qd2 Nf5 13. Bc5 Re8 14. Ba3 Qd7 15.
b3 Rad8 16. Bb2 b6 17. Nd1 Nfd4 18. Ne3 Bh3 19. Nxd4 exd4 20. Bxh3 Qxh3 21. Nf1
Ne5 22. Qd1 c5 23. f4 Nc6 24. a3 Re6 25. Qf3 Rde8 26. Rxe6 Qxe6 27. Bc1 Ne7 28.
Bd2 Qc6 29. Qxc6 Nxc6 30. Kf2 f5 31. a4 Kf7 32. h3 Bf6 33. Re1 Rxe1 34. Kxe1 Ke6
35. Nh2 a6 36. Nf3 h5 37. Ke2 b5 38. axb5 axb5 39. Be1 Kd5 40. Bd2 Nd8 41. Be1
Ne6 42. h4 Nd8 43. Bd2 Nc6 44. Be1 Kd6 45. Bd2 1/2-1/2

[Event "St Louis Fall A 2022"]
[Site "Saint Louis USA"]
[Date "2022.11.06"]
[Round "5.1"]
[White "Yu, Yangyi"]
[Black "Nyzhnyk, Illya"]
[Result "1-0"]
[WhiteTitle "GM"]
[BlackTitle "GM"]
[WhiteElo "2716"]
[BlackElo "2687"]
[WhiteFideId "8603820"]
[BlackFideId "14118084"]
[EventDate "2022.11.02"]

1. e4 e5 2. Nf3 Nf6 3. Nxe5 d6 4. Nf3 Nxe4 5. d4 d5 6. Bd3 Bd6 7. O-O O-O 8. Re1
Bf5 9. c4 c6 10. Qb3 Qd7 11. c5 Bc7 12. g3 Qc8 13. Nc3 Nxc3 14. Bxf5 Qxf5 15.
Nh4 Qc8 16. bxc3 Na6 17. Bg5 Rb8 18. Qc2 Qd7 19. Nf5 Rfe8 20. Re7 Rxe7 21. Nxe7+
Kh8 22. Qf5 Qxf5 23. Nxf5 h6 24. Be3 Ra8 25. Rb1 b6 26. Ne7 Nb8 27. Re1 Kh7 28.
Kg2 g6 29. h4 h5 30. g4 hxg4 31. h5 gxh5 32. Rh1 Bd8 33. Rxh5+ Kg7 34. Nf5+ Kg6
35. Ng3 f6 36. Rh6+ Kf7 37. Rh7+ Kg6 38. Rh4 Na6 39. Rxg4+ Kf7 40. Nh5 Bc7 41.
Rg7+ Ke6 42. f4 Rf8 43. Kf3 f5 44. Rg5 Kd7 45. Ng7 Bd8 46. Rh5 Bf6 47. Nxf5 Rh8
48. Rxh8 Bxh8 49. cxb6 axb6 50. Nh6 c5 51. f5 Nc7 52. Nf7 Bf6 53. Ne5+ Ke7 54.
a4 Ne8 55. Ng4 c4 56. Bf4 Kd7 57. Be5 Bg5 58. Ne3 Kc6 59. Nc2 Nd6 60. Nb4+ Kd7
61. Nxd5 Nxf5 62. Ke4 1-0